15. workshop znalcov z odboru cestná doprava 10.4.-11.4.2015 Kúpele Nový Smokovec

Bibliographic Details
Corporate Author: Workshop znalcov z odboru doprava cestná Nový Smokovec, Slovensko
Format: Conference Proceeding Software eBook
Language:Slovak
PhysicalDescription:1 elektronický optický disk (DVD-ROM) zvuk., fareb. 12 cm
Published: [Žilina Asociácia znalcov doprava cestná 2015]
ISBN:9788089810000 (elektronická kniha)
Subjects:

MARC

LEADER 00000nam a2200000 a 4500
001 vtls010968274
003 SK-MaSNL
005 20260301175534.0
007 co cga muuua
008 160430s2015 xo | fs 100 0 slo
015 |a SNBS2017 
020 |a 9788089810000 (elektronická kniha) 
040 |a SNK  |b slo  |c SNK  |e AACR2 
041 0 |a slo 
044 |a xo  |c SK 
072 7 |a 656.1/.5  |x Pozemná doprava  |2 konspekt 
072 7 |a 347.9  |x Občianske súdne konanie. Súdnictvo  |2 konspekt 
080 |a 656.1  |2 2011 
080 |a 347.948  |2 2011 
080 |a 347.948:3.073.534  |2 2011 
080 |a 351.811  |2 2011 
080 |a (062.534)  |2 2011 
080 |a (0.034.44)  |2 2011 
111 2 |a Workshop znalcov z odboru doprava cestná  |n (15. :  |d 2015 :  |c Nový Smokovec, Slovensko)  |9 549469 
245 1 0 |a 15. workshop znalcov z odboru cestná doprava  |h elektronický zdroj  |b 10.4.-11.4.2015 Kúpele Nový Smokovec 
246 3 |a Pätnásty workshop znalcov z odboru cestná doprava 
260 |a [Žilina  |b Asociácia znalcov doprava cestná  |c 2015] 
300 |a 1 elektronický optický disk (DVD-ROM)  |b zvuk., fareb.  |c 12 cm 
500 |a Názov z disku 
516 |a Textový dokument (zborník), súbory vo formáte avi, ppt, pptx, pdf, jpeg 
538 |a Technické požiadavky: multimediálny prehrávač, prezentačný softvér, PDF prehliadač, prehliadač obrázkov 
650 0 7 |a cestná doprava  |2 SNKPH  |9 1776 
650 0 7 |a znalci  |2 SNKPH  |9 82422 
650 0 7 |a znalecká činnosť  |2 SNKPH  |9 70117 
650 0 7 |a znalecké posudky  |2 SNKPH  |9 3654 
650 0 7 |a Road transport  |2 SNKPHeng  |9 275532 
650 0 7 |a Expert witnesses  |2 SNKPHeng  |9 335816 
650 0 7 |a Expert evidence  |2 SNKPHeng  |9 335817 
650 0 7 |a Expert witness work  |2 SNKPHeng  |9 275772 
655 7 |a elektronické zdroje  |2 SNKPH  |9 90954 
655 7 |a DVD  |2 SNKPH  |9 70751 
655 7 |a zborníky konferencií  |2 SNKPH  |9 70153 
655 7 |a Proceedings of conferences  |2 SNKPHeng  |9 265791 
655 7 |a Electronic resources  |2 SNKPHeng  |9 175546 
919 |a 978-80-89810-00-0 
999 |c 843413  |d 845343 
952 |a SNK  |b SNK  |y PREZ  |7 0  |p 17A1173339  |o snkSCDM 7854  |i snk2015/29506  |8 0  |0 0  |1 0  |4 0  |d 2015-10-23  |l 0  |r 2026-02-24 04:18:08  |w 2026-02-24 
952 |t snkWOR 656.1  |a SNKMST  |b SNKMST  |y PREZ  |7 0  |p 17A1173340  |o snkSCDM 7854 D1  |i snk2015/29508  |8 0  |0 0  |1 0  |4 0  |d 2015-10-23  |l 0  |r 2025-08-13 00:00:00  |w 2026-02-24